00898nam a22002057a 4500003000900000005001700009008004100026040001300067100005400080245008500134250000600219260001400225300001700239490000600256500015400262520014700416942001200563999001700575952010000592IT-RoPau20220918175937.0121219b xxu||||| |||| 00| 0 eng d cIT-RoPau aAlberione GiacomoqFondatore Famiglia Paolina985 aIi rosario del religioso.bRitiro mensile Alba 30 settembre - 1° ottobre 1933  aI aRomabSSP a16 p.c30 p. vI aIn questo dattiloscritto del Sac. Giacomo Alberione ci sono delle riflessioni fatte in un Ritiro mensile tenutosi ad Alba nel 1933 dal Primo Maestro. aIL ROSARIO DEL RELIGIOSO Il rosario è via per il religioso Il Rosario è verità per il religioso Il Rosario è vita per il religioso  2ddccBK c37696d37696 00102ddc406P_A371aPAULUSbPAULUSd2012-12-19l0oP A3r2012-12-19 00:00:00w2012-12-19yBK